| 000 | 00715nam a2200205 a 4500 | ||
|---|---|---|---|
| 999 |
_c4001 _d4001 |
||
| 001 | 3992 | ||
| 003 | BD-JhCC | ||
| 005 | 20171120191958.0 | ||
| 008 | 171120s1966 bg |||| |||| 000 0 ben d | ||
| 035 | _a(BD-JhCC) | ||
| 040 |
_aBD-JhCC _dBD-JhCC |
||
| 041 | _aben | ||
| 082 |
_a327.03 _bHAQ 1968 |
||
| 100 | _aহক, মুহম্মদ এনামুল | ||
| 245 |
_aঅর্থনীতিক পরিভাষাকোষ / _cমুহম্মদ এনামুল হক |
||
| 260 |
_aঢাকা: _bকেন্দ্রীয় বাঙলা উন্নয়ন বোর্ড _c১৯৬৮ |
||
| 300 |
_a100 p.; _c24 cm |
||
| 650 | _aTerminology of International Relations | ||
| 942 |
_2ddc _cBK |
||